Best Selling Albums By Year - Statistics

General Stats
  • This quiz has been taken 46 times
  • The average score is 31 of 51
Answer Stats
Year Artist Album % Correct
1993 Whitney Houston/soundtrack The Bodyguard
100%
1983 Michael Jackson Thriller
98%
1984 Michael Jackson Thriller
98%
1986 Whitney Houston Whitney Houston
98%
2002 Eminem The Eminem Show
95%
2010 Eminem Recovery
95%
1994 Elton John/soundtrack The Lion King
93%
1990 Janet Jackson Janet Jackson's Rhythm Nation 1814
93%
2003 50 Cent Get Rich or Die Tryin'
90%
1974 Elton John Goodbye Yellow Brick Road
90%
1975 Elton John Greatest Hits
90%
2011 Adele 21
88%
2012 Adele 21
88%
2015 Adele 25
88%
1988 George Michael Faith
88%
1985 Bruce Springsteen Born in the U.S.A.
85%
1978 Soundtrack/Bee Gees Saturday Night Fever
83%
1980 Pink Floyd The Wall
80%
1997 Spice Girls Spice
80%
2009 Taylor Swift Fearless
78%
2014 Taylor Swift 1989
78%
1977 Fleetwood Mac Rumours
73%
1970 Simon and Garfunkel Bridge over Troubled Water
73%
1968 The Jimi Hendrix Experience Are You Experienced?
70%
1996 Alanis Morissette Jagged Little Pill
68%
1987 Bon Jovi Slippery When Wet
68%
2017 Ed Sheeran ÷
55%
2001 Linkin Park Hybrid Theory
50%
1991 Mariah Carey [eponymous]
48%
2005 Mariah Carey The Emancipation of Mimi
48%
2016 Drake Views
45%
2018 Drake Scorpion
45%
1972 Neil Young Harvest
45%
1982 Asia Asia
43%
1979 Billy Joel 52nd Street
43%
2013 Justin Timberlake The 20/20 Experience
43%
1969 Iron Butterfly In-A-Gadda-Da-Vida
35%
1998 James Horner/ soundtrack Titanic
35%
2006 Soundtrack High School Musical
35%
1999 Backstreet Boys Millennium
33%
2004 Usher Confessions
33%
1995 Hootie and the Blowfish Cracked Rear View
30%
2008 Lil Wayne Tha Carter III
30%
1976 Peter Frampton Comes Alive
30%
2000 NSYNC No Strings Attached
28%
1981 REO Speedwagon Hi Infidelity
18%
1971 Various Artists Jesus Christ Superstar
18%
1992 Billy Ray Cyrus Some Gave All
15%
1989 Bobby Brown Don't Be Cruel
15%
1973 War The World Is a Ghetto
13%
2007 Josh Groban Noël
10%
No matching quizzes found
Score Distribution
Percent of People with Each Score
Percentile by Number Answered
Your Score History
You have not taken this quiz